000 00513nam a2200157 a 4500
001 000044679
005 20201002045540.0
008 141216s2011 dr ab 000 0 spa d
020 _a9789945879247
040 _aDO-SdBNP
_bspa
_cBNPHU
082 _axxxx
_bxxxx
110 1 _aRepública Dominicana
_bPoder Judicial
_915992
245 1 0 _aGuía de uso Jurismap :
_bmapa virtual del Poder Judicial Dominicano.
260 _aSanto Domingo :
_bPoder Judicial Dominicano,
_c2011.
300 _a23 cm. :
_bil., mapas ;
_c14 cm.
999 _c44168
_d44168